| 000 | 00988nam a22002897a 4500 | ||
|---|---|---|---|
| 003 | CHAP | ||
| 005 | 20220329134824.0 | ||
| 008 | 971013c19651956 r 00010 d | ||
| 010 | _a26502 | ||
| 011 | _a27474 | ||
| 035 | _a31575 | ||
| 040 | _cCHAP | ||
| 082 |
_a338 _bI8 |
||
| 100 | 0 | 0 |
_aIsard, Walter. _960539 |
| 245 |
_aLocation and space-economy _b: a general theory relating to industrial location, market areas, land use, trade, and urban structure |
||
| 260 |
_aCambridge, Mass. : _bThe M.I.T. Press, _c1965 (c.1956) |
||
| 300 | _a350 p | ||
| 490 |
_aRegional science studies series _v; 1 |
||
| 590 |
_aBATCH-UPD _b10 _c20130110 _lUCH01 _h1852 |
||
| 590 |
_aCONVERSION _b10 _c20130109 _lUCH01 _h1315 |
||
| 650 | 1 | 4 |
_aIndustria. _957682 |
| 830 | 0 |
_aRegional science studies series _v; 1 _995657 |
|
| 901 | _aBK | ||
| 942 | _cLIBRO | ||
| 949 |
_a338 I8 _bBC _cLIBRO _d33724000351409 _eLIBRO _fc.2 _h44628 _i31575 _si |
||
| 949 |
_a338 I8 _bBC _cLIBRO _d33724000352647 _eLIBRO _h4808 _i31575 _si |
||
| 999 |
_c26502 _d26502 |
||